000 00619nam a2200217 a 4500
005 20180803165043.0
008 140307b1996 miu||||| |||| 00| 0 eng d
041 _aeng
044 _axxu
090 _aLB
_b02736
100 _aTerrell, Edward E.
_917988
245 _aRevision of Houstonia (Rubiaceae-Hedyotideae)
260 _aMichigan
_bAmerican Society of Plant Taxonomists
_c1996
300 _a118 p.
650 _aFlora
_917989
650 _aPlantas
_917990
650 _aTaxonomía vegetal
_992262
650 _aClaves taxonómicas
_93514
650 _aIdentificación de especies
_94726
942 _cImpreso
_2z
999 _c2965
_d2965